[Event "WA Championship"]
[Site "Seattle"]
[Date "2008.02.09"]
[Round "1"]
[White "Perez, Ignacio"]
[Black "Greninger, Harley"]
[Result "1-0"]
[WhiteElo "2280"]
[BlackElo "2220"]
[PlyCount "65"]
[EventDate "2008.02.??"]
[Source "Harrison"]
[SourceDate "2008.03.19"]

1. e4 c6 2. d4 d5 3. e5 c5 4. dxc5 Nc6 5. Bf4 e6 6. Nf3 Bxc5 7. Bd3 Nge7 8. O-O
Ng6 9. Bg3 Be7 10. Nbd2 a6 11. Re1 b5 12. a4 b4 13. Nb3 Na5 14. Nbd4 Bd7 15.
Qe2 Qb6 16. c3 O-O 17. h4 Rfc8 18. h5 Nf8 19. h6 Ng6 20. hxg7 bxc3 21. bxc3
Rxc3 22. Qd2 Rac8 23. Bxg6 fxg6 24. Qh6 R3c4 25. Bf4 Nc6 26. Nxc6 Bxc6 27. Bg5
Qa7 28. Bf6 Rg4 29. Ng5 Rxg5 30. Qxg5 Bc5 31. Re2 Rb8 32. Rc2 Bd7 33. Rac1 1-0

[Event "WA Championship"]
[Site "Seattle"]
[Date "2008.02.09"]
[Round "1"]
[White "Lee, Michael"]
[Black "Guo, Alex"]
[Result "1-0"]
[WhiteElo "2277"]
[BlackElo "1991"]
[PlyCount "69"]
[EventDate "2008.02.??"]
[Source "Harrison"]
[SourceDate "2008.03.19"]

1. c4 f5 2. Nc3 Nf6 3. d4 e6 4. e3 Be7 5. Bd3 d6 6. f4 d5 7. Nf3 b6 8. O-O O-O
9. Qc2 g6 10. Rd1 Bb7 11. a3 a5 12. Rb1 Na6 13. Bd2 Qc8 14. Be1 c5 15. Qb3 cxd4
16. exd4 Qc7 17. Ne5 Ne4 18. cxd5 Nxc3 19. bxc3 Bxd5 20. c4 Be4 21. Bxe4 fxe4
22. Qh3 Rf5 23. g4 Rff8 24. Bg3 Bd6 25. g5 Rf5 26. Ng4 Kh8 27. Nf6 Rb8 28. Re1
h5 29. Rxe4 Qxc4 30. Rbe1 Nc7 31. Nxh5 gxh5 32. Qxh5+ Kg7 33. Qh6+ Kf7 34. Qh7+
Ke8 35. Qxf5 1-0

[Event "WA Championship"]
[Site "Seattle"]
[Date "2008.02.09"]
[Round "1"]
[White "Sinanan, Josh"]
[Black "Koons, Nat"]
[Result "0-1"]
[WhiteElo "2178"]
[BlackElo "2313"]
[PlyCount "96"]
[EventDate "2008.02.??"]
[Source "Harrison"]
[SourceDate "2008.03.19"]

1. Nf3 d5 2. d4 Nf6 3. c4 dxc4 4. e3 e6 5. Bxc4 a6 6. O-O c5 7. Bb3 b5 8. a4 b4
9. Nbd2 Bb7 10. e4 cxd4 11. e5 Nfd7 12. Nc4 Nc6 13. Bg5 Qc7 14. Rc1 h6 15. Bh4
Nc5 16. Re1 d3 17. Bg3 Rd8 18. Nd6+ Bxd6 19. exd6 Qb6 20. Rxc5 Qxc5 21. Qxd3
Na5 22. Bxe6 O-O 23. Ba2 Rfe8 24. Rxe8+ Rxe8 25. h3 Nc6 26. d7 Rd8 27. Bc7 b3
28. Qxb3 Rxd7 29. Qxb7 Nd8 30. Qxa6 Qxc7 31. Bc4 Rd1+ 32. Bf1 Ne6 33. g3 Qd8
34. Qb5 Qa8 35. Qb3 Ra1 36. h4 Nc5 37. Qe3 Qd5 38. Nd2 Rd1 39. Nf3 Qc4 40. Nd2
Qc1 41. Qe8+ Kh7 42. Qxf7 Rxd2 43. Qf5+ Kg8 44. Qc8+ Kf7 45. b4 Rxf2 46. Qh3
Ne4 47. Qd7+ Kg8 48. Qd5+ Rf7 0-1

[Event "WA Championship"]
[Site "Seattle"]
[Date "2008.02.09"]
[Round "1"]
[White "Readey, John"]
[Black "Serper, Gregory"]
[Result "0-1"]
[WhiteElo "2325"]
[BlackElo "2576"]
[Annotator "Bartron"]
[PlyCount "104"]
[EventDate "2008.02.??"]
[Source "Harrison"]
[SourceDate "2008.03.19"]

1. Nf3 d5 2. g3 b6 3. Bg2 Bb7 4. O-O Nf6 5. c4 e6 6. cxd5 Nxd5 7. Nc3 Be7 8.
Nxd5 Bxd5 9. Qa4+ Qd7 10. Qxd7+ Nxd7 11. Nd4 Bxg2 12. Kxg2 c5 13. Nb5 O-O 14.
b3 Rfd8 15. Bb2 Bf6 16. Bxf6 Nxf6 17. Rfd1 Rd7 18. Rac1 Rad8 19. d3 e5 20. Nc3
Ne8 21. a3 $6 Nc7 22. Rb1 Ne6 23. Rdc1 Kf8 24. b4 $2 {
This gives black the outside passed pawn. [Bartron]} cxb4 25. axb4 Rc8 26. Nb5
Rxc1 27. Rxc1 a6 28. Rc8+ $2 Rd8 29. Rxd8+ Nxd8 30. Nc7 a5 31. bxa5 bxa5 32.
Kf3 Ke7 33. Ke4 Kd6 34. Nb5+ Kc5 35. Nc3 Nc6 36. f4 exf4 37. gxf4 Kb4 38. Nb1
a4 39. d4 Na5 40. d5 Nc4 41. Kd4 Nd6 42. Ke5 Kc5 43. Nc3 a3 44. Na2 Nc4+ 45.
Ke4 Nb6 46. d6 Kxd6 47. Kd4 Nd5 48. f5 f6 49. e4 Ne7 50. Nc3 Nc6+ 51. Kc4 Ke5
52. Kc5 Nd4 0-1

[Event "WA Championship"]
[Site "Seattle"]
[Date "2008.02.09"]
[Round "1"]
[White "Orlov, Georgi"]
[Black "Mikhailuk, Slava"]
[Result "0-1"]
[WhiteElo "2573"]
[BlackElo "2435"]
[PlyCount "122"]
[EventDate "2008.02.??"]
[Source "Harrison"]
[SourceDate "2008.03.19"]

1. Nf3 Nf6 2. c4 g6 3. Nc3 d5 4. cxd5 Nxd5 5. e4 Nxc3 6. dxc3 Qxd1+ 7. Kxd1 Bg7
8. Kc2 Nd7 9. Nd2 a5 10. a4 b6 11. f3 Bb7 12. Nc4 O-O-O 13. Be3 f5 14. exf5
gxf5 15. Bd3 Rhf8 16. Rhe1 e5 17. Rad1 Bc6 18. b3 Kb7 19. Bg1 Rde8 20. Na3 h5
21. Bf2 e4 22. Bb5 exf3 23. gxf3 Ne5 24. Bxc6+ Kxc6 25. Rg1 Bf6 26. Rg3 h4 27.
Rh3 Ng6 28. f4 Nxf4 29. Rf3 Re2+ 30. Kb1 Nh3 31. Bxh4 Bxh4 32. Rxh3 Re1 33.
Rxe1 Bxe1 34. Nc2 Bf2 35. Rf3 Bg1 36. h4 Kd5 37. Rf1 Bc5 38. Ne1 Ke4 39. Nf3
Kd3 40. Ng5 Be3 41. Ne6 Rf7 42. Ng5 Rf6 43. Kb2 Ke2 44. Ne4 Kxf1 45. Nxf6 f4
46. Nd5 Bd2 47. Kc2 Ke1 48. Nf6 f3 49. Ne4 Bh6 50. Kd3 f2 51. Nxf2 Kxf2 52. b4
Bf8 53. Kc4 Bg7 54. h5 Ke3 55. bxa5 bxa5 56. h6 Bxh6 57. Kb5 Bg7 58. Kxa5 Bxc3+
59. Kb5 Kd4 60. Kc6 Ba5 61. Kb5 Bb6 0-1

[Event "WA Championship"]
[Site "Seattle"]
[Date "2008.02.09"]
[Round "2"]
[White "Guo, Alex"]
[Black "Orlov, Georgi"]
[Result "0-1"]
[WhiteElo "1991"]
[BlackElo "2573"]
[PlyCount "68"]
[EventDate "2008.02.??"]
[Source "Harrison"]
[SourceDate "2008.03.19"]

1. e4 d6 2. g3 c5 3. Bg2 Nc6 4. Nc3 g6 5. d3 Bg7 6. Nge2 Rb8 7. O-O b5 8. f4
Nd4 9. h3 b4 10. Nd5 e6 11. Ne3 Ne7 12. g4 f5 13. Ng3 O-O 14. Qe1 $6 {
In the post-mortem, Orlov criticised this move and suggested 14. Bd2.} (14. Bd2
Nb5 (14... a5 $5) (14... Ba6 $5) 15. Rb1 ({or} 15. Qc1) 15... Qa5 $6 16. Nc4 $1
Qa6 17. exf5 exf5) 14... fxe4 15. Nxe4 d5 16. Ng3 Qd6 17. c3 $2 bxc3 18. bxc3
Ndc6 19. Ne2 Ba6 20. Qd1 Nb4 21. d4 cxd4 22. cxb4 d3 23. Nd4 Bxd4 24. Rb1 Rxb4
25. Rxb4 Qxb4 26. Kh1 Qc5 27. Rf3 Rc8 28. Bd2 Bc3 29. Bc1 Ba5 30. Bb2 d2 31. f5
Qc1 32. f6 Qxb2 33. fxe7 Qc1 34. Rf6 Be2 0-1

[Event "WA Championship"]
[Site "Seattle"]
[Date "2008.02.09"]
[Round "2"]
[White "Koons, Nat"]
[Black "Perez, Ignacio"]
[Result "0-1"]
[WhiteElo "2313"]
[BlackElo "2280"]
[PlyCount "82"]
[EventDate "2008.02.??"]
[Source "Harrison"]
[SourceDate "2008.03.19"]

1. e4 g6 2. d4 Bg7 3. c4 d6 4. Nc3 Nf6 5. Bd3 Nc6 6. Nge2 e5 7. d5 Ne7 8. f3
O-O 9. Be3 Nd7 10. Qd2 f5 11. O-O-O a6 12. Kb1 Nc5 13. Bc2 b5 14. Bxc5 dxc5 15.
d6 cxd6 16. Qxd6 Qe8 17. Qxc5 Be6 18. Nd5 Nxd5 19. cxd5 Bd7 20. d6 Kh8 21. Nc3
Rc8 22. Qb6 Rc6 23. Qb7 Rf6 24. Rd2 Rfxd6 25. Rhd1 Rd4 26. Bb3 Rcd6 27. Nd5
fxe4 28. Nc7 Qf8 29. Rxd4 exd4 30. fxe4 Bc6 31. Qa7 Bxe4+ 32. Ka1 Rd7 33. Re1
Qc8 34. Rc1 Bb7 35. Qb6 Be5 36. Qe6 Bg7 37. Rc5 Qf8 38. a3 Re7 39. Qb6 Re1+ 40.
Ka2 Be4 41. Nd5 Ra1+ (41... Ra1+ 42. Kxa1 Qf1+ 43. Bd1 Qxd1+ 44. Ka2 Bb1+ 45.
Ka1 Bc2+ 46. Ka2 Bb3#) 0-1

[Event "WA Championship"]
[Site "Seattle"]
[Date "2008.02.09"]
[Round "2"]
[White "Mikhailuk, Slava"]
[Black "Sinanan, Josh"]
[Result "1-0"]
[WhiteElo "2435"]
[BlackElo "2178"]
[PlyCount "85"]
[EventDate "2008.02.??"]
[Source "Harrison"]
[SourceDate "2008.03.19"]

1. c4 e5 2. Nc3 Nf6 3. Nf3 Nc6 4. g3 Bb4 5. Bg2 O-O 6. O-O Re8 7. d3 Bxc3 8.
bxc3 e4 9. Nd2 exd3 10. exd3 d5 11. cxd5 Nxd5 12. Ne4 h6 13. Qb3 Nb6 14. Nc5
Rb8 15. Bf4 Nd7 16. Nxd7 Bxd7 17. d4 Na5 18. Qb4 b6 19. c4 Bf5 20. Rad1 Qd7 21.
c5 Be4 22. d5 Bxg2 23. Kxg2 Rbc8 24. c6 Nxc6 25. dxc6 Qxc6+ 26. Kg1 Qe6 27. Qb3
c5 28. Qxe6 Rxe6 29. Rfe1 Rxe1+ 30. Rxe1 a6 31. Kf1 Rc6 32. Re8+ Kh7 33. Ke2 g5
34. Be3 b5 35. Kd3 c4+ 36. Kc3 f5 37. a4 bxa4 38. Re5 Kg6 39. Ra5 Rf6 40. Kxc4
f4 41. gxf4 gxf4 42. Bd4 Re6 43. h4 1-0

[Event "WA Championship"]
[Site "Seattle"]
[Date "2008.02.09"]
[Round "2"]
[White "Serper, Gregory"]
[Black "Greninger, Harley"]
[Result "1-0"]
[WhiteElo "2576"]
[BlackElo "2220"]
[PlyCount "49"]
[EventDate "2008.02.??"]
[Source "Harrison"]
[SourceDate "2008.03.19"]

1. d4 d5 2. c4 c6 3. Nf3 Nf6 4. Nc3 e6 5. e3 Nbd7 6. Bd3 dxc4 7. Bxc4 b5 8. Bd3
Bb7 9. a3 b4 10. axb4 Bxb4 11. O-O a5 12. e4 c5 13. e5 cxd4 14. exf6 dxc3 15.
fxg7 Rg8 16. bxc3 Bxc3 17. Ra3 Bxg7 18. Bb5 Bf6 19. Rd3 Bd5 20. Rxd5 exd5 21.
Qxd5 Kf8 22. Bh6+ Bg7 23. Ng5 Ne5 24. Qc5+ Qe7 25. Nxh7# 1-0

[Event "WA Championship"]
[Site "Seattle"]
[Date "2008.02.09"]
[Round "2"]
[White "Readey, John"]
[Black "Lee, Michael"]
[Result "1-0"]
[WhiteElo "2325"]
[BlackElo "2277"]
[PlyCount "160"]
[EventDate "2008.02.??"]
[Source "Harrison"]
[SourceDate "2008.03.19"]

1. Nf3 Nf6 2. c4 g6 3. g3 Bg7 4. Bg2 O-O 5. O-O d6 6. Nc3 e5 7. d4 Nbd7 8. e4
c6 9. h3 a5 10. Re1 exd4 11. Nxd4 Nc5 12. Be3 Re8 13. Qc2 a4 14. Rab1 Nfd7 15.
b4 axb3 16. axb3 Nf8 17. Red1 f5 18. Nxf5 gxf5 19. Bxc5 Ne6 20. Be3 Ng5 21. h4
Nxe4 22. Nxe4 fxe4 23. Bxe4 h6 24. Bd4 Bxd4 25. Rxd4 Qf6 26. Bh7+ Kh8 27. Rf4
Qg7 28. Bg6 Re7 29. h5 Bd7 30. Kh2 Be8 31. Rg4 Re5 32. Kg2 c5 33. Qd1 Bc6+ 34.
Kg1 Rd8 35. Rf4 Be8 36. Bxe8 Rdxe8 37. Qxd6 Rxh5 38. Qf6 Re2 39. Qf8+ Qxf8 40.
Rxf8+ Kg7 41. Rb8 Re7 42. Rd1 Rf5 43. Kg2 Rf6 44. Rd3 Rc7 45. f3 Re6 46. Rbd8
b6 47. R8d6 Rce7 48. Rxe6 Rxe6 49. g4 b5 50. Kf2 Ra6 51. Rd5 Ra2+ 52. Kg3 b4
53. Kf4 Rb2 54. Rxc5 Rxb3 55. Rb5 Rb1 56. Kf5 b3 57. Rb7+ Kf8 58. f4 b2 59. Kf6
Ke8 60. f5 Rg1 61. Rb8+ Kd7 62. Rxb2 Rxg4 63. Rc2 h5 64. c5 h4 65. c6+ Kc7 66.
Kf7 h3 67. Rh2 Rg3 68. f6 Kxc6 69. Kf8 Rd3 70. f7 Kd7 71. Re2 Rf3 72. Rd2+ Kc7
73. Rd5 h2 74. Rh5 Rf2 75. Kg7 Rg2+ 76. Kf6 Rf2+ 77. Kg6 Rg2+ 78. Kf6 Rf2+ 79.
Kg7 Rg2+ 80. Kf8 Kd7 $11 {Remaining moves not recorded. Both players were in
time pressure. Lee resigned as Readey was about to promote.} 1-0

[Event "WA Championship"]
[Site "Seattle"]
[Date "2008.02.10"]
[Round "3"]
[White "Perez, Ignacio"]
[Black "Mikhailuk, Slava"]
[Result "1-0"]
[WhiteElo "2280"]
[BlackElo "2435"]
[PlyCount "91"]
[EventDate "2008.02.??"]
[Source "Harrison"]
[SourceDate "2008.03.19"]

1. e4 c5 2. Nf3 Nc6 3. d4 cxd4 4. Nxd4 Nf6 5. Nc3 d6 6. Bc4 Qb6 7. Ndb5 a6 8.
Be3 Qa5 9. Nd4 e6 10. O-O Be7 11. f4 O-O 12. f5 Nxd4 13. Bxd4 b5 14. Bb3 b4 15.
Na4 e5 16. Be3 Rb8 17. a3 Nxe4 18. Qf3 Bb7 19. Qg4 Nf6 20. Qxb4 Qxb4 21. axb4
Bd5 22. Nb6 Bxb3 23. cxb3 Ng4 24. Nd5 Bd8 25. Ba7 Rb5 26. Rfd1 Nh6 27. Rxa6
Nxf5 28. g4 Ne7 29. Rxd6 Nxd5 30. R1xd5 Be7 31. Rxb5 Bxd6 32. Bc5 Bxc5+ 33.
bxc5 Rc8 34. Rb7 Kf8 35. b4 h6 36. h4 g6 37. Kf2 Kg7 38. Ke3 Kf6 39. Ke4 Re8
40. b5 Ke6 41. Rb6+ Kd7 42. Rd6+ Kc7 43. Rf6 Re7 44. h5 gxh5 45. gxh5 Kb7 46.
Rf5 1-0

[Event "WA Championship"]
[Site "Seattle"]
[Date "2008.02.10"]
[Round "3"]
[White "Greninger, Harley"]
[Black "Koons, Nat"]
[Result "0-1"]
[WhiteElo "2220"]
[BlackElo "2313"]
[PlyCount "78"]
[EventDate "2008.02.??"]
[Source "Harrison"]
[SourceDate "2008.03.19"]

1. d4 Nf6 2. Nf3 d5 3. e3 c5 4. b3 Bg4 5. Bb2 Qa5+ 6. Qd2 Qc7 7. Ne5 Ne4 8. Qc1
Bf5 9. Bb5+ Nc6 10. O-O e6 11. f3 Nf6 12. Nd2 a6 13. Bxc6+ bxc6 14. f4 Bd6 15.
Ndf3 O-O 16. dxc5 Bxc5 17. Nd4 Bxd4 18. exd4 Ne4 19. Ba3 c5 20. Nd3 {Diagram #}
cxd4 $1 21. Bxf8 Rxf8 22. Qb2 Qb6 23. Kh1 Rc8 24. a4 Rc3 25. Rfd1 h5 26. b4 h4
27. b5 a5 28. Ra3 h3 29. gxh3 Nd6 30. Qc1 Nc4 31. Rb3 Ne3 32. Rd2 Be4+ 33. Kg1
Nxc2 34. Rxc2 Bxd3 35. Rbxc3 dxc3+ 36. Rf2 Qd4 37. Kg2 Qe4+ 38. Kg1 d4 39. b6
Ba6 0-1

[Event "WA Championship"]
[Site "Seattle"]
[Date "2008.02.10"]
[Round "3"]
[White "Lee, Michael"]
[Black "Serper, Gregory"]
[Result "0-1"]
[WhiteElo "2277"]
[BlackElo "2576"]
[Annotator "Harrison"]
[PlyCount "68"]
[EventDate "2008.02.??"]
[Source "Harrison"]
[SourceDate "2008.03.19"]

1. c4 e5 2. g3 Nc6 3. Bg2 g6 4. Nc3 Bg7 5. e4 d6 6. Nge2 f5 7. d3 Nf6 8. O-O
O-O 9. Nd5 Be6 10. Bg5 Qd7 11. Rc1 Nh5 12. Qd2 Rf7 13. b4 Raf8 14. b5 Nd8 15.
f4 c6 16. bxc6 bxc6 17. Ne3 fxe4 18. dxe4 exf4 19. Nxf4 Nxf4 20. gxf4 Nb7 21.
Rcd1 h6 22. Bh4 Rxf4 23. Rxf4 Rxf4 24. Nf5 Rg4 25. Nxh6+ Bxh6 26. Qxh6 Qg7 27.
Qxg7+ Kxg7 28. Bg3 Bxc4 29. Rb1 Ba6 30. Bf1 Nc5 31. Bxa6 Nxa6 32. Rb7+ Kf6 33.
Rxa7 Nc5 34. Kg2 Ke6 {Here the remaining moves were not recorded. Apparently
white lost a piece and resigned after mutual time pressure was over.} 0-1

[Event "WA Championship"]
[Site "Seattle"]
[Date "2008.02.10"]
[Round "3"]
[White "Orlov, Georgi"]
[Black "Readey, John"]
[Result "1-0"]
[WhiteElo "2573"]
[BlackElo "2325"]
[PlyCount "83"]
[EventDate "2008.02.??"]
[Source "Harrison"]
[SourceDate "2008.03.19"]

1. d4 Nf6 2. Nf3 g6 3. c4 Bg7 4. Nc3 O-O 5. e4 d6 6. Be2 e5 7. O-O Na6 8. Re1
c6 9. d5 c5 10. a3 Ne8 11. Rb1 f5 12. Bg5 Bf6 13. Bh6 Bg7 14. Bxg7 Kxg7 15.
exf5 gxf5 16. Qd2 Qf6 17. b4 Kh8 18. Nb5 Rg8 19. Qc3 Bd7 20. Qb2 Rg6 21. Bf1
Ng7 22. g3 f4 23. Nd2 Nf5 24. Ne4 Qg7 25. bxc5 dxc5 26. Bg2 b6 27. Nd2 Nd4 28.
Nf3 Re8 29. Nxa7 Bf5 30. Nxd4 cxd4 31. Nc6 Nc5 32. Qxb6 Nd7 33. Qb2 Bxb1 34.
Qxb1 h5 35. Qd1 Rh6 36. Nxd4 fxg3 37. fxg3 Nc5 38. Nf5 Qa7 39. Kh1 Rh7 40. Qd4
Qxa3 41. Rxe5 Qc1+ 42. Re1+ 1-0

[Event "WA Championship"]
[Site "Seattle"]
[Date "2008.02.10"]
[Round "3"]
[White "Sinanan, Josh"]
[Black "Guo, Alex"]
[Result "1-0"]
[WhiteElo "2178"]
[BlackElo "1991"]
[PlyCount "147"]
[EventDate "2008.02.??"]
[Source "Harrison"]
[SourceDate "2008.03.19"]

1. Nf3 f5 2. c4 Nf6 3. Nc3 g6 4. g3 Bg7 5. Bg2 d6 6. d4 O-O 7. O-O Nc6 8. d5
Ne5 9. Nxe5 dxe5 10. c5 h6 11. Qb3 Kh8 12. Rd1 a6 13. Qc4 Rb8 14. b4 b5 15. Qb3
e4 16. Be3 e5 17. dxe6 Qe8 18. Bd4 Bxe6 19. Qb2 Bc4 20. e3 Qf7 21. Rd2 g5 22.
Rad1 Bd3 23. Ne2 Rbd8 24. Nc1 Rxd4 25. exd4 Bc4 26. Nb3 Bxb3 27. Qxb3 Qxb3 28.
axb3 Nd5 29. g4 e3 30. fxe3 Nxe3 31. Re1 f4 32. Bf3 Rd8 33. Ra1 Nc2 34. Rxa6
Nxd4 35. Kg2 Re8 36. Ra8 Rxa8 37. Bxa8 Be5 38. Bd5 Kg7 39. Ra2 Kf6 40. Ra6+ Kg7
41. Be4 Bf6 42. Bd3 Kf7 43. Ra7 Be5 44. Rb7 f3+ 45. Kg1 Ke6 46. Bxb5 Kd5 47.
Bc4+ Ke4 48. b5 Nc2 49. b6 cxb6 50. cxb6 Nb4 51. Re7 Nc6 52. Re6 Nb8 53. Rxh6
Kf4 54. h3 Kg3 55. Bb5 Bc3 56. Re6 Bd2 57. Re8 Bf4 58. Rh8 Be5 59. Rh5 Bf4 60.
Kf1 Be3 61. b7 Bd2 62. Rh8 Bf4 63. Ke1 Kg2 64. Rf8 f2+ 65. Kd1 Bg3 66. Ke2 Kg1
67. Kf3 Bd6 68. Rd8 Bc7 69. Rd1+ Kh2 70. Kxf2 Kxh3 71. Kf3 Kh2 72. Rd5 Bf4 73.
Rf5 Bd6 74. Rxg5 1-0

[Event "WA Championship"]
[Site "Seattle"]
[Date "2008.02.10"]
[Round "4"]
[White "Guo, Alex"]
[Black "Perez, Ignacio"]
[Result "0-1"]
[WhiteElo "1991"]
[BlackElo "2280"]
[PlyCount "80"]
[EventDate "2008.02.??"]
[Source "Harrison"]
[SourceDate "2008.03.19"]

1. e4 g6 2. g3 Bg7 3. Bg2 c5 4. Nc3 Nc6 5. d3 Nf6 6. Nge2 O-O 7. O-O Rb8 8. Be3
d6 9. Qc1 Ng4 10. Bd2 Nd4 11. h3 Ne5 12. Nxd4 cxd4 13. Ne2 Qb6 14. Rb1 Be6 15.
f4 Nc6 16. a3 f5 17. Kh2 Rbc8 18. b4 Qb5 19. Ng1 Rc7 20. Rb2 Rfc8 21. Qa1 Qa4
22. exf5 gxf5 23. Nf3 Kh8 24. Rf2 b5 25. Re2 Nd8 26. Be1 Bg8 27. Bf2 Nc6 28.
Nh4 e6 29. Bxc6 Rxc6 30. Nf3 Rxc2 31. Bxd4 e5 32. fxe5 Rc1 33. Rb1 Qd1 34. Rxc1
Qxe2+ 35. Kg1 Rxc1+ 36. Qxc1 Qxf3 37. Bf2 dxe5 38. Qc5 Qd1+ 39. Kg2 Qxd3 40.
Qxa7 h6 0-1

[Event "WA Championship"]
[Site "Seattle"]
[Date "2008.02.10"]
[Round "4"]
[White "Lee, Michael"]
[Black "Orlov, Georgi"]
[Result "1-0"]
[WhiteElo "2277"]
[BlackElo "2573"]
[PlyCount "85"]
[EventDate "2008.02.??"]
[Source "Harrison"]
[SourceDate "2008.03.19"]

1. c4 g6 2. Nc3 Bg7 3. g3 d6 4. Bg2 f5 5. d3 Nf6 6. e4 e5 7. Nge2 O-O 8. O-O c6
9. h3 Be6 10. b3 a5 11. d4 Nxe4 12. Nxe4 fxe4 13. d5 cxd5 14. cxd5 Bf5 15. g4
Bd7 16. Ng3 Na6 17. Nxe4 Bb5 18. Re1 Nb4 19. Ba3 Bh6 20. Bf1 Bxf1 21. Rxf1 Rf4
22. f3 Rf7 23. Bxb4 axb4 24. Qd3 Rc8 25. a3 bxa3 26. Rxa3 Bf4 27. Ra2 Rfc7 28.
Kg2 Qh4 29. Rff2 Qd8 30. Rfc2 Kg7 31. Rxc7+ Qxc7 32. Qc4 Qxc4 33. bxc4 Rxc4 34.
Rb2 Kh6 35. h4 b6 36. Rxb6 Rc2+ 37. Kf1 Rc1+ 38. Ke2 Rc2+ 39. Kd3 Rh2 40. Nxd6
Rxh4 41. Nf5+ Kg5 42. Nxh4 Kxh4 43. d6 1-0

[Event "WA Championship"]
[Site "Seattle"]
[Date "2008.02.10"]
[Round "4"]
[White "Mikhailuk, Slava"]
[Black "Greninger, Harley"]
[Result "0-1"]
[WhiteElo "2435"]
[BlackElo "2220"]
[Annotator "Harrison"]
[PlyCount "82"]
[EventDate "2008.02.??"]
[Source "Harrison"]
[SourceDate "2008.03.19"]

1. c4 c6 2. Nc3 d5 3. cxd5 cxd5 4. d4 Nf6 5. Bf4 Nc6 6. e3 Bf5 7. Rc1 Qb6 8.
Be2 e6 9. Na4 Qa5+ 10. Kf1 Be7 11. a3 h6 12. h4 Qd8 13. h5 Bd6 14. Nc5 Bxf4 15.
exf4 Qb6 16. b4 Ne4 17. g4 Bh7 18. Rh3 Nxc5 19. Rxc5 Qd8 20. Nf3 Qf6 21. Qd2 g6
22. Ne5 gxh5 23. Rxh5 Bg6 24. Rh3 Nxe5 25. fxe5 Qg7 26. Bb5+ Kf8 27. Rc7 a6 28.
Bd7 h5 29. Qc3 Qh6 30. Qf3 Kg8 31. gxh5 Bxh5 32. Rg3+ Kf8 33. Qc3 Bg6 34. Ba4
Qh1+ 35. Rg1 Qh3+ 36. Qxh3 Rxh3 37. Rg3 Rxg3 38. fxg3 b5 39. Bd1 a5 40. Rc3
axb4 41. axb4 Ra1 ({White is all tied up and resigned because of something like
} 41... Ra1 42. Ke1 Bh5 43. Rd3 Kg7 44. Rd2 Kg6 45. Rd3 Kf5 46. Rd2 Ke4 $19)
0-1

[Event "WA Championship"]
[Site "Seattle"]
[Date "2008.02.10"]
[Round "4"]
[White "Serper, Gregory"]
[Black "Koons, Nat"]
[Result "1-0"]
[WhiteElo "2576"]
[BlackElo "2313"]
[PlyCount "59"]
[EventDate "2008.02.??"]
[Source "Harrison"]
[SourceDate "2008.03.19"]

1. d4 d5 2. c4 e5 3. dxe5 d4 4. Nf3 Nc6 5. Nbd2 Bf5 6. a3 Qd7 7. g3 O-O-O 8. b4
f6 9. exf6 d3 10. Bb2 Nxf6 11. e3 Kb8 12. b5 Na5 13. Bc3 Nxc4 14. Nxc4 Qxb5 15.
Bxf6 gxf6 16. Ncd2 c5 17. Bg2 c4 18. Rc1 Be6 19. Nd4 Rxd4 20. exd4 Bxa3 21. Rb1
Bb2 22. O-O c3 23. Ne4 c2 24. Qd2 Ba2 25. Qf4+ Ka8 26. Nd6 cxb1=Q 27. Rxb1 Qb6
28. Nxb7 a6 29. Rxb2 Qxb2 30. Na5+ 1-0

[Event "WA Championship"]
[Site "Seattle"]
[Date "2008.02.10"]
[Round "4"]
[White "Readey, John"]
[Black "Sinanan, Josh"]
[Result "1/2-1/2"]
[WhiteElo "2325"]
[BlackElo "2178"]
[Annotator "Harrison"]
[PlyCount "82"]
[EventDate "2008.02.??"]
[Source "Harrison"]
[SourceDate "2008.03.19"]

1. Nf3 c5 2. c4 Nf6 3. g3 d5 4. cxd5 Nxd5 5. Bg2 Nc6 6. Nc3 Nc7 7. a3 e5 8. b4
f6 9. bxc5 Bxc5 10. d3 O-O 11. O-O Be6 12. Na4 Be7 13. Be3 Nd4 14. Nc3 Qd7 15.
Nd2 Rab8 16. a4 b6 17. Bxd4 exd4 18. Nb5 Nxb5 19. axb5 Qxb5 20. Rxa7 {
And now black, with his outside passed pawn begins the process of "grinding
the grinder" [as Sinanan puts it], but ultimately he does not score the full
point.} Bb4 21. Qb1 Rf7 22. Rxf7 Bxf7 23. Rc1 Qa4 24. Ne4 Bf8 25. Nc5 Qa7 26.
Nb3 b5 27. Rc2 Bb4 28. Ra2 Qb6 29. Ra8 Rxa8 30. Bxa8 Bc3 31. Be4 Qa7 32. Bc6 b4
33. Bb5 Qc7 34. Qc2 Kf8 35. Nd2 Qb7 36. Bc4 Bxd2 37. Qxd2 b3 38. Qb2 Bxc4 39.
dxc4 Qb4 40. c5 Qc3 41. Qa3 b2 ({The players agreed to a draw because black
cannot safely avoid perpetual check after} 41... b2 42. Qa8+ Kf7 43. Qd5+ Kg6
44. Qe4+ {.}) 1/2-1/2

[Event "WA Championship"]
[Site "Seattle"]
[Date "2008.02.16"]
[Round "5"]
[White "Sinanan, Josh"]
[Black "Lee, Michael"]
[Result "0-1"]
[WhiteElo "2178"]
[BlackElo "2277"]
[PlyCount "86"]
[EventDate "2008.02.??"]
[Source "Harrison"]
[SourceDate "2008.03.19"]

1. Nf3 Nf6 2. c4 g6 3. Nc3 Bg7 4. e4 d6 5. d4 O-O 6. Be2 e5 7. O-O Nc6 8. d5
Ne7 9. b4 Nh5 10. Re1 f5 11. Ng5 Nf6 12. Bf3 c6 13. Be3 h6 14. Ne6 Bxe6 15.
dxe6 fxe4 16. Nxe4 Nxe4 17. Bxe4 d5 18. Bc5 dxe4 19. Qxd8 Rfxd8 20. Bxe7 Rd4
21. Bc5 Rxc4 22. Rac1 Rxc1 23. Rxc1 Re8 24. e7 Bf6 25. Bxa7 Bxe7 26. Bc5 Kf7
27. Kf1 Bxc5 28. bxc5 Ra8 29. Rb1 Ra7 30. Rd1 Rxa2 31. Rd7+ Ke6 32. Rd6+ Kf5
33. g4+ Kg5 34. h4+ Kxg4 35. Rxg6+ Kxh4 36. Rxh6+ Kg5 37. Rd6 Kf5 38. Ke1 Rc2
39. Rd7 Rxc5 40. Rxb7 Rc2 41. Re7 e3 42. fxe3 Ke4 43. Kd1 Rc3 0-1

[Event "WA Championship"]
[Site "Seattle"]
[Date "2008.02.16"]
[Round "5"]
[White "Perez, Ignacio"]
[Black "Readey, John"]
[Result "1-0"]
[WhiteElo "2280"]
[BlackElo "2325"]
[PlyCount "79"]
[EventDate "2008.02.??"]
[Source "Harrison"]
[SourceDate "2008.03.19"]

1. e4 d6 2. d4 Nf6 3. Nc3 g6 4. f3 c6 5. a4 Bg7 6. Be3 Nbd7 7. Qd2 Qa5 8. Bc4
d5 9. exd5 Nb6 10. Bb3 Nbxd5 11. Nxd5 Qxd2+ 12. Bxd2 cxd5 13. O-O-O O-O 14. Ne2
b6 15. Nf4 e6 16. h4 Ba6 17. h5 Rfc8 18. hxg6 hxg6 19. c3 Ne8 20. Kb1 Nd6 21.
Rh3 b5 22. axb5 Bxb5 23. Rdh1 Rab8 24. Bc2 Nc4 25. Bc1 Be8 26. b3 Nd6 27. Bb2
Nb5 28. Ne2 Rb6 29. g4 Rcb8 30. Kc1 Nd6 31. Ba3 Ra6 32. Bc5 Bb5 33. Nf4 Nb7 34.
Be7 Rc8 35. g5 Rxc3 36. Kd2 Rac6 37. Bd3 Bxd3 38. Bf6 Rc2+ 39. Ke3 Nd6 40. Rh8+
(40. Rh8+ Bxh8 41. Rxh8#) 1-0

[Event "WA Championship"]
[Site "Seattle"]
[Date "2008.02.16"]
[Round "5"]
[White "Koons, Nat"]
[Black "Mikhailuk, Slava"]
[Result "1-0"]
[WhiteElo "2313"]
[BlackElo "2435"]
[PlyCount "44"]
[EventDate "2008.02.??"]
[Source "Harrison"]
[SourceDate "2008.03.19"]

1. d4 Nf6 2. c4 g6 3. Nc3 d5 4. Nf3 Bg7 5. Qb3 dxc4 6. Qxc4 O-O 7. e4 a6 8. e5
b5 9. Qb3 Nfd7 10. e6 fxe6 11. Be3 Nb6 12. h4 Nc6 13. Rd1 Nd5 14. h5 Qd6 15.
hxg6 hxg6 16. Bd3 Nxe3 17. fxe3 Qg3+ 18. Kd2 Qxg2+ 19. Be2 Rxf3 20. Rdg1 Qf2
21. Nd1 Nxd4 22. exd4 Qxd4+ 1-0